[Event "Unterfranken-ch HA 56th"]
[Site "Stetten"]
[Date "2005.03.31"]
[Round "7"]
[White "Inderwies, Sebastian"]
[Black "Schott, Davis"]
[Result "1/2-1/2"]
[WhiteElo "1408"]
[BlackElo "1156"]
[PlyCount "47"]
[EventDate "2005.03.28"]
[EventType "swiss"]
[EventRounds "9"]
[EventCountry "GER"]
[SourceTitle "EXT 2015"]
[Source "ChessBase"]
[SourceDate "2014.11.20"]
[SourceVersion "1"]
[SourceVersionDate "2014.11.20"]
[SourceQuality "1"]

1. d4 Nf6 2. c4 e5 3. d5 Bc5 4. Bg5 d6 5. Nc3 h6 6. Bxf6 Qxf6 7. Ne4 Bb4+ 8. Nc3 Bxc3+ 9. bxc3 0-0 10. e4 Na6 11. Bd3 Nc5 12. Ne2 Re8 13. Ng3 Qg6 14. Bc2 Bd7 15. Qh5 Qh7 16. Qe2 b6 17. 0-0 Re7 18. Rfe1 g6 19. Nf1 a5 20. a4 Rae8 21. Nd2 f5 22. Nb3 Nxb3 23. Bxb3 f4 24. Bd1 1/2-1/2